Personajes de Super Mario - Estadísticas

Estadísticas generales
  • Esta prueba ha sido intentada 694 veces
    597 desde el último reinicio
  • La puntuación promedio es 18 de 27
Estadísticas de respuestas
Imagen Respuesta % Correcto
Mario
100%
Luigi
99%
Peach
97%
Bowser
95%
Toad
93%
Wario
92%
Yoshi
91%
Daisy
87%
Donkey Kong
85%
Waluigi
81%
Boo
67%
Rosalina / Estela
63%
Toadette
63%
Huesitos
60%
Goomba
58%
Bebé Mario
56%
Diddy Kong
55%
Shy Guy
55%
Bebé Luigi
54%
Bebé Peach
54%
Bebé Daisy
52%
Bowsy
52%
Koopa Troopa
44%
Birdo
41%
Kamek
38%
Cheep Cheep
30%
Dixie Kong
22%
No se encontraron pruebas coincidentes
Distribución de puntuación
Porcentaje de gente con cada puntuación
Porcentaje por número respondido
Historial de tus puntuaciones
No has intentado esta prueba desde el último reinicio